000 00733cab a2200253 4500
001 ABS51048
008 090401t1994 xxu||||| |||| 00| 0 eng d
035 _a(Sirsi) u6724
041 _aeng
100 _aJohnston, S.
245 _a26 & 27 Bedford Square, London WC1
260 _c1994
350 _a0
490 _aConstruction Repair
_v8(4) July/August 1994, 15-17(3)
520 _aDetails of the refurbishment for office use of two grade 1 listed Georgian houses.
650 _aCONVERSION
650 _aFLOOR LOADINGS
650 _aLISTED BUILDINGS
650 _aOFFICES
650 _aBUILT ENVIRONMENT-BUILDING MAINTENANCE AND REFURBISHMENT
690 _aRefurbishment
_96264
942 _n0
948 _c04/03/1997
999 _c4005
_d4005